تطوير التعليم في عصر العولمة / (رقم التسجيلة. 79470)

تفاصيل مارك
000 -الفاتح
عناصر البيانات ثابتة الطول 00685cam a2200205 i 4500
005 - تاريخ ووقت آخر معاملة
حقل ضبط 20260128112323.0
008 - عناصر البيانات ثابتة الطول
عناصر البيانات ثابتة الطول 250721s2000 ua gr 000 0 ara d
020 ## - الترقيم الدولي المعياري للكتب (ردمك)
الترقيم الدولي المعياري للكتب (ردمك) 9770517488
082 14 - رقم تصنيف ديوي العشري
رقم التصنيف 370
رقم المادة إ ب ر
100 1# - مدخل رئيسي – اسم شخصي
الاسم الشخصي إبراهيم، مجدي عزيز
علاقة الشخص بالعمل/ دوره مؤلف.
245 10 - بيان العنوان
العنوان تطوير التعليم في عصر العولمة /
بيان المسؤولية الدكتور مجدي عزيز إبراهيم.
264 31 - بيانات النشر، التوزيع…إلخ
مكان النشر، التوزيع...إلخ القاهرة :
اسم الناشر، الموزع...إلخ مكتبة الأنجلو المصرية،
تاريخ النشر، التوزيع...إلخ 2000.
300 ## - الوصف المادي
عدد الوحدات المكونة للوعاء 246 صفحة.
650 17 - مدخل إضافي بالموضوع - مصطلح موضوعي
مصطلح موضوعي أو اسم جغرافي كعنصر مدخل التربية.
650 17 - مدخل إضافي بالموضوع - مصطلح موضوعي
مصطلح موضوعي أو اسم جغرافي كعنصر مدخل التعلم.
650 17 - مدخل إضافي بالموضوع - مصطلح موضوعي
مصطلح موضوعي أو اسم جغرافي كعنصر مدخل التطوير.
653 ## - رأس موضوع – غير مقيد
المصطلح / رأس الموضوع غير المقيد العولمة
942 ## - بيانات إضافية (كوها)
نوع التنصيف Dewey Decimal Classification
نوع المادة (كوها) كتب
المقتنيات
حالة السحب حالة الفقدان مصدر التصنيف حالة التلف غير قابل للإعارة المكتبة الرئيسية المكتبة الحالية موقع الرف تاريخ التزويد الرقم المتسلسل Total Checkouts رقم الإستدعاء الباركود تاريخ آخر ظهور تاريخ الفاتورة نوع المادة (كوها) العملة
    Dewey Decimal Classification   Not For Loan المكتبة المركزية المكتبة المركزية لا يعار 13/07/2004 902864   370إبر 902864 28/07/2025 13/07/2004 كتب  
    Dewey Decimal Classification     المكتبة المركزية المكتبة المركزية الإعارة 28/01/2026 11662   370 / إ ب ر 11662 28/01/2026 28/01/2026 كتب JOD
Implemented & Customized by: BBB with SCIT (Smart Chains for Information Technology)

Powered by Koha